[Event "TOP16-LaBourdannais"]
[Site "TOP16-LaBourdannais"]
[Date "2021.01.09"]
[Round "9"]
[White "maten3coups"]
[Black "Burrito2001"]
[Result "1/2-1/2"]
[WhiteElo "1801"]
[BlackElo "1977"]
[Annotator "NA RC"]
[PlyCount "91"]
[EventDate "2021.01.09"]
[EventType "blitz"]

1. e4 {[%emt 0:00:05]} c5 {[%emt 0:00:01]} 2. Nf3 {[%emt 0:00:02]} d6 {[%emt 0:00:03]} 3. d4 {[%emt 0:00:02]} cxd4 {[%emt 0:00:00]} 4. Qxd4 {[%emt 0:00:00]} a6 {[%emt 0:00:02]} 5. c4 {[%emt 0:00:01]} Nc6 {[%emt 0:00:01]} 6. Qe3 {[%emt 0:00:01]} g6 {[%emt 0:00:01]} 7. Nc3 {[%emt 0:00:01]} Bg7 {[%emt 0:00:00]} 8. h3 {[%emt 0:00:01]} Nf6 {[%emt 0:00:02]} 9. Be2 {[%emt 0:00:02]} O-O {[%emt 0:00:01]} 10. O-O {[%emt 0:00:01]} Nd7 {[%emt 0:00:18]} 11. Rd1 {[%emt 0:00:14]} Qa5 {[%emt 0:00:08]} 12. Bd2 {[%emt 0:00:25]} Qc5 {[%emt 0:00:25]} 13. Rac1 {[%emt 0:00:14]} b6 {[%emt 0:00:14]} 14. a3 {[%emt 0:00:28]} Bb7 {[%emt 0:00:56]} 15. b4 {[%emt 0:00:15]} Qxe3 {[%emt 0:00:03]} 16. Bxe3 {[%emt 0:00:00]} Bxc3 {[%emt 0:00:21]} 17. Rxc3 {[%emt 0:00:03]} Rfc8 {[%emt 0:00:09]} 18. Nd4 {[%emt 0:00:41]} a5 {[%emt 0:00:15]} 19. Nxc6 {[%emt 0:00:08]} Bxc6 {[%emt 0:00:03]} 20. f3 {[%emt 0:00:08]} axb4 {[%emt 0:00:05]} 21. axb4 {[%emt 0:00:03]} Ra4 {[%emt 0:00:01]} 22. Rb1 {[%emt 0:00:20]} Ra2 {[%emt 0:00:34]} 23. Kf1 {[%emt 0:00:16]} Bb7 {[%emt 0:00:05]} 24. c5 {[%emt 0:00:26]} bxc5 {[%emt 0:00:04]} 25. bxc5 {[%emt 0:00:03]} Ba6 {[%emt 0:00:01]} 26. Bxa6 {[%emt 0:00:23]} Rxa6 {[%emt 0:00:00]} 27. Rb7 {[%emt 0:00:02]} Nxc5 {[%emt 0:00:30]} 28. Bxc5 {[%emt 0:00:22]} Rxc5 {[%emt 0:00:11]} 29. Rxc5 {[%emt 0:00:02]} dxc5 {[%emt 0:00:00]} 30. Rxe7 {[%emt 0:00:00]} Ra2 {[%emt 0:00:01]} 31. Rc7 {[%emt 0:00:04]} Rc2 {[%emt 0:00:02]} 32. f4 {[%emt 0:00:32]} h5 {[%emt 0:00:17]} 33. f5 {[%emt 0:00:10]} gxf5 {[%emt 0:00:14]} 34. exf5 {[%emt 0:00:03]} Kg7 {[%emt 0:00:00]} 35. g4 {[%emt 0:00:04]} hxg4 {[%emt 0:00:18]} 36. hxg4 {[%emt 0:00:00]} Rc4 {[%emt 0:00:00] maten3coups propose la nulle} 37. Ke2 {[%emt 0:00:21]} Kf6 {[%emt 0:00:03]} 38. g5+ {[%emt 0:00:13]} Kxf5 {[%emt 0:00:03]} 39. Rxf7+ {[%emt 0:00:01]} Kxg5 {[%emt 0:00:00]} 40. Kd3 {[%emt 0:00:01]} Rc1 {[%emt 0:00:01]} 41. Kd2 {[%emt 0:00:02]} Rc4 {[%emt 0:00:04]} 42. Kd3 {[%emt 0:00:01]} Rd4+ {[%emt 0:00:01]} 43. Kc3 {[%emt 0:00:04]} Rf4 {[%emt 0:00:00]} 44. Rxf4 {[%emt 0:00:02]} Kxf4 {[%emt 0:00:00]} 45. Kc4 {[%emt 0:00:00]} Ke5 {[%emt 0:00:01]} 46. Kxc5 {[%emt 0:00:00] (Lag: Av=1.31s, max=2.5s)} 1/2-1/2

[Event "TOP16-LaBourdannais"]
[Site "TOP16-LaBourdannais"]
[Date "2021.01.09"]
[Round "10"]
[White "Lasker69"]
[Black "sFeller"]
[Result "1-0"]
[WhiteElo "2406"]
[BlackElo "2092"]
[Annotator "NA RC"]
[PlyCount "57"]
[EventDate "2021.01.09"]
[EventType "blitz"]

1. d4 {[%emt 0:00:02]} d5 {[%emt 0:00:06]} 2. c4 {[%emt 0:00:02]} c6 {[%emt 0:00:01]} 3. Nf3 {[%emt 0:00:02]} Nf6 {[%emt 0:00:01]} 4. Nc3 {[%emt 0:00:03]} dxc4 {[%emt 0:00:05]} 5. a4 {[%emt 0:00:02]} Bf5 {[%emt 0:00:04]} 6. e3 {[%emt 0:00:02]} e6 {[%emt 0:00:01]} 7. Bxc4 {[%emt 0:00:02]} Bb4 {[%emt 0:00:04]} 8. O-O {[%emt 0:00:02]} Nbd7 {[%emt 0:00:31]} 9. Qe2 {[%emt 0:00:03]} Ne4 {[%emt 0:00:01]} 10. Bd2 {[%emt 0:00:32]} Nxd2 {[%emt 0:00:08]} 11. Nxd2 {[%emt 0:00:02]} O-O {[%emt 0:00:03]} 12. e4 {[%emt 0:00:17]} Bg6 {[%emt 0:00:08]} 13. Bb3 {[%emt 0:00:07]} Nf6 {[%emt 0:00:20]} 14. Qe3 {[%emt 0:00:25]} Re8 {[%emt 0:00:15]} 15. Rad1 {[%emt 0:00:12]} c5 {[%emt 0:00:10]} 16. dxc5 {[%emt 0:00:23]} Qe7 {[%emt 0:00:18]} 17. e5 {[%emt 0:00:08]} Nd7 {[%emt 0:00:01]} 18. Nc4 {[%emt 0:00:31]} Bxc5 {[%emt 0:00:24]} 19. Qe2 {[%emt 0:00:04]} Red8 {[%emt 0:00:11]} 20. Nb5 {[%emt 0:00:04]} Nb6 {[%emt 0:00:35]} 21. Nxb6 {[%emt 0:00:11]} Bxb6 {[%emt 0:00:26]} 22. Bc2 {[%emt 0:00:07]} Bxc2 {[%emt 0:00:11]} 23. Qxc2 {[%emt 0:00:02]} Qc5 {[%emt 0:00:01]} 24. Qe2 {[%emt 0:00:08]} Qb4 {[%emt 0:00:08]} 25. Nd6 {[%emt 0:00:10]} Qxa4 {[%emt 0:00:05]} 26. Nxb7 {[%emt 0:00:13]} Rd5 {[%emt 0:01:01] sFeller propose la nulle} 27. Rxd5 {[%emt 0:00:54]} exd5 {[%emt 0:00:00]} 28. Nd6 {[%emt 0:00:01]} Rf8 {[%emt 0:00:06]} 29. e6 {[%emt 0:00:10] sFeller abandonne} 1-0

[Event "TOP16-LaBourdannais"]
[Site "TOP16-LaBourdannais"]
[Date "2021.01.09"]
[Round "10"]
[White "jncool68"]
[Black "Soumcouy"]
[Result "1-0"]
[WhiteElo "2374"]
[BlackElo "2014"]
[Annotator "NA RC"]
[PlyCount "55"]
[EventDate "2021.01.09"]
[EventType "blitz"]

1. e4 {[%emt 0:00:03]} c5 {[%emt 0:00:03]} 2. Nf3 {[%emt 0:00:01]} e6 {[%emt 0:00:01]} 3. d4 {[%emt 0:00:01]} cxd4 {[%emt 0:00:01]} 4. Nxd4 {[%emt 0:00:00]} Nc6 {[%emt 0:00:01]} 5. Nc3 {[%emt 0:00:01]} a6 {[%emt 0:00:02]} 6. Be2 {[%emt 0:00:04]} Nf6 {[%emt 0:00:07]} 7. O-O {[%emt 0:00:01]} d6 {[%emt 0:00:06]} 8. Be3 {[%emt 0:00:02]} Be7 {[%emt 0:00:02]} 9. f4 {[%emt 0:00:01]} O-O {[%emt 0:00:02]} 10. Kh1 {[%emt 0:00:02]} Bd7 {[%emt 0:00:05]} 11. a4 {[%emt 0:00:09]} Nxd4 {[%emt 0:00:02]} 12. Bxd4 {[%emt 0:00:00]} Bc6 {[%emt 0:00:01]} 13. Qd3 {[%emt 0:00:02]} Qc7 {[%emt 0:00:10]} 14. Qg3 {[%emt 0:00:02]} g6 {[%emt 0:00:07]} 15. Bd3 {[%emt 0:00:07]} Nd7 {[%emt 0:00:11]} 16. Rae1 {[%emt 0:00:04]} e5 {[%emt 0:00:20]} 17. Be3 {[%emt 0:00:08]} Bf6 {[%emt 0:00:15]} 18. f5 {[%emt 0:00:05]} b5 {[%emt 0:00:15]} 19. fxg6 {[%emt 0:00:08]} fxg6 {[%emt 0:00:02]} 20. axb5 {[%emt 0:00:02]} axb5 {[%emt 0:00:01]} 21. Nxb5 {[%emt 0:00:01]} Bxb5 {[%emt 0:00:02]} 22. Bxb5 {[%emt 0:00:00]} Nc5 {[%emt 0:00:13]} 23. Bc4+ {[%emt 0:00:01]} Kg7 {[%emt 0:00:01]} 24. Bd5 {[%emt 0:00:07]} Rab8 {[%emt 0:00:08]} 25. Qh3 {[%emt 0:00:04]} h5 {[%emt 0:00:06]} 26. Bc1 {[%emt 0:00:19]} Qe7 {[%emt 0:00:06]} 27. Qe3 {[%emt 0:00:04]} Bh4 {[%emt 0:00:03]} 28. Qh6# {[%emt 0:00:02] (Lag: Av=0.67s, max=1.3s)} 1-0

[Event "TOP16-LaBourdannais"]
[Site "TOP16-LaBourdannais"]
[Date "2021.01.09"]
[Round "10"]
[White "yvesandre2"]
[Black "maten3coups"]
[Result "1/2-1/2"]
[WhiteElo "2309"]
[BlackElo "1828"]
[Annotator "TA"]
[PlyCount "149"]
[EventDate "2021.01.09"]
[EventType "blitz"]

{[%evp 9,149,-4,0,0,-5,-12,-11,-10,-8,-8,0,-3,10,0,11,12,11,-4,27,14,17,24,39,6,48,-3,-4,-17,-15,-27,-25,-110,-25,-26,-25,-30,-24,-41,0,-102,-56,-85,-89,-89,-83,-113,-69,-64,68,0,0,0,0,0,0,0,0,0,0,0,47,-21,6,15,7,15,77,77,77,77,86,97,117,109,177,172,275,263,256,260,311,284,420,353,383,292,189,0,292,289,247,4,4,0,0,0,4,4,4,4,4,4,4,4,8,4,16,16,16,16,99,4,4,0,0,0,0,0,0,0,0,0,0,0,0,0,0,0,0,0,0,0,0,0,0,0,0,0,4,4,4,4]} 1. d4 Nf6 2. Nc3 d5 3. Bf4 e6 4. Nb5 Na6 5. e3 c6 6. Nc3 {D00: 1 d4 d5: Unusual lines.} Bb4 7. Bd3 O-O 8. Nge2 {[#]} Nh5 $146 ({Predecessor:} 8... Be7 9. e4 Nb4 10. e5 Nd7 11. O-O c5 12. dxc5 Nc6 13. Ng3 Ndxe5 14. Bxe5 Nxe5 15. Bxh7+ Kxh7 {½-½ (83) Gazik,V (2490)-Karthik,K (2281) Veliko Gradiste 2018}) 9. Be5 f6 10. Bg3 g6 11. a3 Ba5 12. Nf4 Nxf4 13. Bxf4 Qe7 14. O-O e5 15. Bg3 Bc7 16. b4 b5 17. Re1 ({Better is} 17. dxe5 $14 Bxe5 18. Qd2) 17... e4 $11 18. Bf1 Bxg3 19. hxg3 Nc7 20. Ne2 {[#]} (20. Qd2 $11) 20... Bg4 (20... a5 $1 $17 21. Qd2 a4) 21. Qd2 Bxe2 22. Bxe2 a6 23. g4 Kh8 24. g3 (24. a4 $11) 24... Rf7 25. Kg2 Raf8 26. Rh1 f5 27. Raf1 Qg5 28. gxf5 gxf5 (28... Rxf5 $15 29. Rh4 Qe7) 29. Rh4 ({White should try} 29. Rh5 $14 Qe7 30. Rfh1) 29... Ne6 {Hoping for ...f4.} 30. Rfh1 f4 31. exf4 Nxf4+ 32. Kf1 $1 Ne6 33. Qxg5 {White threatens Qe5+ and mate.} Nxg5 34. R1h2 Kg8 35. Ke1 (35. Rg4 $14 Rg7 36. Rh6) 35... Re7 36. Rg4 Rg7 37. Rh6 $36 {[%mdl 2048] White is pushing.} Nf3+ (37... Re8 $11 {keeps the balance.} 38. Kd2 Re6 39. Rxe6 Nxe6) 38. Bxf3 $16 Rxf3 39. Rxg7+ Kxg7 40. Rxc6 Rxa3 {[%mdl 4096] Endgame KR-KR} 41. Rc5 Kf6 (41... Ra1+ $16 42. Ke2 Rc1) 42. Rxd5 $18 Rc3 (42... Ra4 $142 43. c3 Ra2) 43. Rc5 Rf3 44. Ke2 Ke7 45. Rc7+ Kd6 (45... Ke6 {is a better defense.} 46. Rxh7 Rc3) 46. Rxh7 Rc3 47. Kd2 Rf3 48. Ke2 (48. Rh2 $142) 48... Rc3 $1 49. Rh6+ Kd5 {[#]} 50. Rxa6 $2 (50. Rh5+ $1 $18 Kxd4 51. Kd2) 50... Rxc2+ $11 51. Ke3 Rc3+ 52. Ke2 Rc2+ 53. Kf1 Rb2 54. g4 {Black must now prevent g5.} Rxb4 55. g5 Rxd4 56. g6 {Threatening mate with g7.} e3 57. f3 {And now g7 would win.} Rd1+ (57... Ke5 {seems wilder.} 58. Ke2 Rd7 59. Kxe3 Rb7 60. g7 Rxg7 61. Rb6 Ra7) 58. Ke2 {[%mdl 64] Double Attack} Rg1 59. Kxe3 {Threatens to win with Kf4.} b4 (59... Ke5 $11) 60. Rb6 ({White should play} 60. Kf2 $16 Rc1 61. Rb6) 60... Kc5 {The position is equal.} 61. Rb8 Rxg6 62. f4 b3 63. Kd3 Rg3+ 64. Kd2 Kd4 65. Rb4+ Kc5 66. Rb8 Kc4 (66... Rf3 {keeps more tension.} 67. f5 Kc4 68. Kc1 Rxf5 69. Rc8+ Kd4) 67. f5 Rg2+ 68. Kc1 Rf2 69. Rc8+ Kd5 70. Rb8 Kc4 71. Rc8+ Kd3 72. Kb1 Rxf5 73. Kb2 Rf2+ 74. Kxb3 Kd4 75. Rd8+ {Blacks defense is rewarded with a draw.  Weighted Error Value: White=0.27/Black=0.24} 1/2-1/2

[Event "TOP16-LaBourdannais"]
[Site "TOP16-LaBourdannais"]
[Date "2021.01.09"]
[Round "10"]
[White "PositionalChess"]
[Black "Risso"]
[Result "1/2-1/2"]
[WhiteElo "2137"]
[BlackElo "1937"]
[Annotator "TA"]
[PlyCount "79"]
[EventDate "2021.01.09"]
[EventType "blitz"]

{[%evp 10,79,20,7,32,25,35,35,31,31,35,32,32,26,38,37,38,33,87,90,103,83,121,37,61,59,68,47,55,47,49,56,100,89,76,85,80,83,87,0,0,0,18,18,18,18,18,17,19,19,18,19,19,19,19,19,19,15,14,0,0,0,0,0,0,0,0,0,0,0,0,0]} 1. e4 c6 2. Nf3 d5 3. Nc3 Bg4 4. h3 Bxf3 5. Qxf3 e6 6. Be2 Nd7 {B11: Caro-Kann: Two Knights Variation.} 7. d4 dxe4 8. Nxe4 Ngf6 {White is slightly better.} 9. Nxf6+ Nxf6 10. c3 Be7 11. O-O O-O 12. a4 {[#]} Qd5 $146 ({Predecessor:} 12... a5 13. Re1 Qb6 14. Bc4 Rad8 15. Re2 Rd7 16. g3 Rfd8 17. Kg2 Nd5 {1-0 (56) Kovalev,V (2648)-Maly,A (2371) chess.com INT 2020}) 13. a5 c5 (13... a6 $14) 14. dxc5 $16 Bxc5 15. a6 {[#] b4 is the strong threat.} bxa6 16. Qxd5 (16. b4 $16 Bd6 17. Rxa6) 16... Nxd5 17. Rxa6 Rab8 18. Bf3 Rfd8 19. g3 h6 20. Rd1 Nf6 21. Rxd8+ Rxd8 22. b4 Bb6 {With the idea ...Rd3.} 23. c4 {And now c5 would win.} Rd3 {[#]} 24. Kg2 (24. Ra3 $1 $16 {[%cal Ra3d3]} Rxa3 25. Bxa3) 24... Rc3 $11 {[%mdl 64] Double Attack. The position is equal.} 25. c5 Rxc1 26. cxb6 axb6 27. Rxb6 {[%mdl 4096] Endgame KRB-KRN} g5 28. b5 Rb1 29. Bc6 Kg7 30. Rb8 {Strongly threatening b6.} Nd5 31. Bxd5 exd5 {KR-KR} 32. Kf3 Rb3+ 33. Ke2 d4 34. Rd8 (34. Kd2 {looks sharper.} Kf6 35. b6 Ke6 36. b7 Kd6 37. Rd8+) 34... Rxb5 35. Rxd4 Rb3 36. Rd6 Ra3 37. Rc6 Rb3 38. Rd6 Ra3 39. Rc6 Rb3 40. Rd6 {Weighted Error Value: White=0.07/Black=0.08} 1/2-1/2

[Event "TOP16-LaBourdannais"]
[Site "TOP16-LaBourdannais"]
[Date "2021.01.09"]
[Round "10"]
[White "Burrito2001"]
[Black "MeMouss"]
[Result "1-0"]
[WhiteElo "1955"]
[BlackElo "2033"]
[Annotator "NA RC"]
[PlyCount "81"]
[EventDate "2021.01.09"]
[EventType "blitz"]
[BlackTeam "Vandoeuvre"]

{- Me Mouss , Maître} 1. d4 {[%emt 0:00:03]} d5 {[%emt 0:00:02]} 2. c4 {[%emt 0:00:01]} c6 {[%emt 0:00:01]} 3. cxd5 {[%emt 0:00:01]} cxd5 {[%emt 0:00:02]} 4. Nc3 {[%emt 0:00:00]} Nf6 {[%emt 0:00:02]} 5. Nf3 {[%emt 0:00:00]} Nc6 {[%emt 0:00:02]} 6. Bf4 {[%emt 0:00:01]} e6 {[%emt 0:00:02]} 7. e3 {[%emt 0:00:03]} Bd6 {[%emt 0:00:01]} 8. Bd3 {[%emt 0:00:06]} Bxf4 {[%emt 0:00:05]} 9. exf4 {[%emt 0:00:02]} O-O {[%emt 0:00:04]} 10. O-O {[%emt 0:00:02]} Bd7 {[%emt 0:00:05]} 11. Rc1 {[%emt 0:00:04]} Rc8 {[%emt 0:00:02]} 12. Re1 {[%emt 0:00:02]} Nb4 {[%emt 0:00:09]} 13. Bb1 {[%emt 0:00:02]} Nc6 {[%emt 0:00:12]} 14. Ne5 {[%emt 0:00:01]} Qb6 {[%emt 0:00:04]} 15. Qd3 {[%emt 0:01:01]} g6 {[%emt 0:00:19]} 16. Rcd1 {[%emt 0:00:20]} Qxb2 {[%emt 0:00:07]} 17. Na4 {[%emt 0:00:07]} Qb4 {[%emt 0:00:09]} 18. Nc5 {[%emt 0:00:04]} Rfd8 {[%emt 0:00:12]} 19. Qe3 {[%emt 0:00:23]} b6 {[%emt 0:00:06]} 20. a3 {[%emt 0:00:35]} Qb5 {[%emt 0:00:11]} 21. Bd3 {[%emt 0:00:10]} Qa5 {[%emt 0:00:01]} 22. Nb7 {[%emt 0:00:11]} Qxa3 {[%emt 0:00:03]} 23. Nxd8 {[%emt 0:00:01]} Nxd8 {[%emt 0:00:07]} 24. Ra1 {[%emt 0:00:08]} Qd6 {[%emt 0:00:10]} 25. Rxa7 {[%emt 0:00:03]} Be8 {[%emt 0:00:04]} 26. Raa1 {[%emt 0:00:10]} b5 {[%emt 0:00:06]} 27. Qd2 {[%emt 0:00:07]} b4 {[%emt 0:00:02]} 28. Rab1 {[%emt 0:00:01]} Rb8 {[%emt 0:00:02]} 29. Rb2 {[%emt 0:00:01]} Nc6 {[%emt 0:00:02]} 30. Reb1 {[%emt 0:00:03]} Nxd4 {[%emt 0:00:02]} 31. Rxb4 {[%emt 0:00:01]} Rxb4 {[%emt 0:00:02]} 32. Rxb4 {[%emt 0:00:02]} Nc6 {[%emt 0:00:13]} 33. Nxc6 {[%emt 0:00:02]} Bxc6 {[%emt 0:00:04]} 34. Qc3 {[%emt 0:00:05]} Nd7 {[%emt 0:00:08]} 35. Rb1 {[%emt 0:00:09]} h5 {[%emt 0:00:12]} 36. Rc1 {[%emt 0:00:04]} Nb8 {[%emt 0:00:07]} 37. Qb2 {[%emt 0:00:08]} Qxf4 {[%emt 0:00:04]} 38. Bb5 {[%emt 0:00:10]} Qc7 {[%emt 0:00:41]} 39. Bxc6 {[%emt 0:00:11]} Nxc6 {[%emt 0:00:02]} 40. Qb5 {[%emt 0:00:06]} Nd4 {[%emt 0:00:04]} 41. Qe8+ {[%emt 0:00:01] MeMouss resigns (Lag: Av=0.60s, max=1.1s)} 1-0

[Event "TOP16-LaBourdannais"]
[Site "TOP16-LaBourdannais"]
[Date "2021.01.09"]
[Round "10"]
[White "Babota"]
[Black "Pierre35"]
[Result "1-0"]
[WhiteElo "1864"]
[BlackElo "2028"]
[Annotator "NA RC"]
[PlyCount "57"]
[EventDate "2021.01.09"]
[EventType "blitz"]

1. e4 {[%emt 0:00:07]} e5 {[%emt 0:00:03]} 2. Nf3 {[%emt 0:00:01]} Nc6 {[%emt 0:00:02]} 3. Bc4 {[%emt 0:00:05]} Nf6 {[%emt 0:00:02]} 4. d3 {[%emt 0:00:01]} Be7 {[%emt 0:00:01]} 5. O-O {[%emt 0:00:01]} O-O {[%emt 0:00:01]} 6. Re1 {[%emt 0:00:01]} d6 {[%emt 0:00:01]} 7. a4 {[%emt 0:00:01]} Be6 {[%emt 0:00:02]} 8. a5 {[%emt 0:00:02]} b6 {[%emt 0:00:04]} 9. a6 {[%emt 0:00:11]} Nd4 {[%emt 0:00:16]} 10. c3 {[%emt 0:00:32]} Nxf3+ {[%emt 0:00:15]} 11. Qxf3 {[%emt 0:00:00]} c6 {[%emt 0:00:15]} 12. Nd2 {[%emt 0:00:03]} d5 {[%emt 0:00:05]} 13. Ba2 {[%emt 0:00:08]} Qc7 {[%emt 0:00:44]} 14. Nf1 {[%emt 0:00:12]} Bc5 {[%emt 0:00:43]} 15. h3 {[%emt 0:00:16]} b5 {[%emt 0:00:08]} 16. Bg5 {[%emt 0:00:05]} dxe4 {[%emt 0:00:21]} 17. dxe4 {[%emt 0:00:02]} Nd7 {[%emt 0:00:23]} 18. Be3 {[%emt 0:00:23]} Bxa2 {[%emt 0:00:05]} 19. Rxa2 {[%emt 0:00:00]} f6 {[%emt 0:00:11]} 20. Qg4 {[%emt 0:00:11]} Bxe3 {[%emt 0:00:10]} 21. Nxe3 {[%emt 0:00:14]} Nc5 {[%emt 0:00:01]} 22. b4 {[%emt 0:00:18]} Nd3 {[%emt 0:00:14]} 23. Rd1 {[%emt 0:00:04]} Qf7 {[%emt 0:00:49]} 24. Rad2 {[%emt 0:00:07]} Nf4 {[%emt 0:00:01]} 25. Nf5 {[%emt 0:00:15]} h5 {[%emt 0:00:33]} 26. Qg3 {[%emt 0:00:46]} Kh7 {[%emt 0:00:23]} 27. Kh2 {[%emt 0:00:03]} Qg6 {[%emt 0:00:02]} 28. Rd7 {[%emt 0:00:05]} Rf7 {[%emt 0:00:03]} 29. Qxg6+ {[%emt 0:00:07] Pierre35 resigns} 1-0

[Event "TOP16-LaBourdannais"]
[Site "TOP16-LaBourdannais"]
[Date "2021.01.09"]
[Round "10"]
[White "amiralfio"]
[Black "Brunico2016"]
[Result "0-1"]
[WhiteElo "1862"]
[BlackElo "1946"]
[Annotator "NA RC"]
[PlyCount "126"]
[EventDate "2021.01.09"]
[EventType "blitz"]

1. d4 {[%emt 0:00:19]} Nf6 {[%emt 0:00:02]} 2. Bf4 {[%emt 0:00:07]} d5 {[%emt 0:00:10]} 3. e3 {[%emt 0:00:01]} c5 {[%emt 0:00:02]} 4. Nc3 {[%emt 0:00:01]} cxd4 {[%emt 0:00:02]} 5. exd4 {[%emt 0:00:01]} a6 {[%emt 0:00:01]} 6. Nf3 {[%emt 0:00:01]} Nc6 {[%emt 0:00:01]} 7. Ne5 {[%emt 0:00:01]} Bd7 {[%emt 0:00:01]} 8. g3 {[%emt 0:00:02]} e6 {[%emt 0:00:04]} 9. Bg2 {[%emt 0:00:01]} Qb6 {[%emt 0:00:09]} 10. Ne2 {[%emt 0:00:02]} Qxb2 {[%emt 0:00:42]} 11. O-O {[%emt 0:00:12]} Qa3 {[%emt 0:00:29]} 12. c4 {[%emt 0:00:07]} Be7 {[%emt 0:00:18]} 13. Nxd7 {[%emt 0:00:11]} Nxd7 {[%emt 0:00:03]} 14. cxd5 {[%emt 0:00:01]} exd5 {[%emt 0:00:01]} 15. Bxd5 {[%emt 0:00:27]} O-O {[%emt 0:00:03]} 16. Rb1 {[%emt 0:00:04]} Nf6 {[%emt 0:00:06]} 17. Bb3 {[%emt 0:00:22]} Na5 {[%emt 0:00:07]} 18. Qd3 {[%emt 0:00:43]} b5 {[%emt 0:00:17]} 19. d5 {[%emt 0:00:56]} Rfd8 {[%emt 0:00:37]} 20. Nc3 {[%emt 0:01:13]} Nxb3 {[%emt 0:00:34]} 21. axb3 {[%emt 0:00:23]} Qc5 {[%emt 0:00:13]} 22. Rfd1 {[%emt 0:00:10]} Rd7 {[%emt 0:01:08]} 23. d6 {[%emt 0:00:24]} Bf8 {[%emt 0:00:03]} 24. b4 {[%emt 0:00:08]} Qb6 {[%emt 0:00:06]} 25. Be5 {[%emt 0:00:06]} Ne8 {[%emt 0:00:25]} 26. Nd5 {[%emt 0:00:13]} Qb7 {[%emt 0:00:03]} 27. Qf5 {[%emt 0:00:05]} Bxd6 {[%emt 0:00:12]} 28. Bxd6 {[%emt 0:00:01]} Rxd6 {[%emt 0:00:03]} 29. Ne3 {[%emt 0:00:03]} Rad8 {[%emt 0:00:04]} 30. Rxd6 {[%emt 0:00:02]} Nxd6 {[%emt 0:00:03]} 31. Qe5 {[%emt 0:00:04]} Qe4 {[%emt 0:00:07]} 32. Qa1 {[%emt 0:00:04]} Ra8 {[%emt 0:00:10]} 33. Rd1 {[%emt 0:00:01]} Qxb4 {[%emt 0:00:02]} 34. Qe5 {[%emt 0:00:03]} Nc4 {[%emt 0:00:05]} 35. Nd5 {[%emt 0:00:06]} Nxe5 {[%emt 0:00:02]} 36. Nxb4 {[%emt 0:00:01]} f6 {[%emt 0:00:02]} 37. Ra1 {[%emt 0:00:06]} a5 {[%emt 0:00:01]} 38. Nd5 {[%emt 0:00:01]} a4 {[%emt 0:00:02]} 39. Nc3 {[%emt 0:00:03]} Rb8 {[%emt 0:00:01]} 40. Rb1 {[%emt 0:00:02]} a3 {[%emt 0:00:02]} 41. Rb3 {[%emt 0:00:06]} b4 {[%emt 0:00:03]} 42. Na2 {[%emt 0:00:01]} Nc6 {[%emt 0:00:02]} 43. Kf1 {[%emt 0:00:01]} Na5 {[%emt 0:00:03]} 44. Rxb4 {[%emt 0:00:03]} Rxb4 {[%emt 0:00:02]} 45. Nxb4 {[%emt 0:00:00]} Kf7 {[%emt 0:00:01]} 46. Ke2 {[%emt 0:00:03]} Nc6 {[%emt 0:00:02]} 47. Na2 {[%emt 0:00:06]} Ke6 {[%emt 0:00:01]} 48. Kd3 {[%emt 0:00:01]} Ke5 {[%emt 0:00:01]} 49. f4+ {[%emt 0:00:06]} Kf5 {[%emt 0:00:01]} 50. h3 {[%emt 0:00:02]} h6 {[%emt 0:00:02]} 51. Kc3 {[%emt 0:00:03]} Ke4 {[%emt 0:00:01]} 52. Kb3 {[%emt 0:00:01]} Kf3 {[%emt 0:00:01]} 53. Kxa3 {[%emt 0:00:01]} Kxg3 {[%emt 0:00:01]} 54. Kb3 {[%emt 0:00:01]} Kxf4 {[%emt 0:00:01]} 55. Kc4 {[%emt 0:00:01]} Kg3 {[%emt 0:00:02]} 56. Kd5 {[%emt 0:00:01]} Ne5 {[%emt 0:00:01]} 57. Nc3 {[%emt 0:00:12]} Kxh3 {[%emt 0:00:02]} 58. Ke6 {[%emt 0:00:01]} h5 {[%emt 0:00:01]} 59. Kf5 {[%emt 0:00:01]} h4 {[%emt 0:00:04]} 60. Ne2 {[%emt 0:00:01]} Kg2 {[%emt 0:00:05]} 61. Nf4+ {[%emt 0:00:01]} Kf3 {[%emt 0:00:03]} 62. Nh3 {[%emt 0:00:04]} Kg3 {[%emt 0:00:02]} 63. Nf4 {[%emt 0:00:01]} h3 {[%emt 0:00:01] amiralfio resigns} 0-1

[Event "TOP16-LaBourdannais"]
[Site "TOP16-LaBourdannais"]
[Date "2021.01.09"]
[Round "10"]
[White "Lyon-YOUNES"]
[Black "ProfTerrieux"]
[Result "1-0"]
[WhiteElo "1825"]
[BlackElo "2438"]
[Annotator "TA"]
[PlyCount "53"]
[EventDate "2021.01.09"]
[EventType "blitz"]

{[%evp 9,53,-9,-5,-10,0,0,15,-10,26,0,39,-77,66,80,32,14,185,98,167,164,142,154,145,125,159,142,235,259,242,242,245,241,378,263,437,-882,1027,1019,29982,29983,29983,29984,29984,29985,29983,5616]} 1. Nf3 d5 2. c4 d4 3. b4 Bg4 4. e3 dxe3 5. fxe3 {[#]} e5 $146 {And now ...e4 would win.} ({Predecessor:} 5... Nf6 6. Be2 e6 7. O-O Nbd7 8. d4 Bxb4 9. Qb3 c5 10. Bb2 O-O 11. Nc3 Qb6 {0-1 (26) De Wachter,M (2303)-Kharitonov,A (2558) Aghios Kirykos 2016}) 6. Be2 {A09: Réti Opening: 1 Nf3 d5 2 c4.} e4 7. Nd4 Bxe2 8. Qxe2 {The position is equal.} Nf6 9. O-O Bxb4 10. Nf5 (10. Bb2 $1 $14) 10... O-O ({Better is} 10... g6 $17 11. a3 Bf8) 11. Bb2 $1 $14 {Strongly threatening Nxg7!} Nbd7 12. Nc3 Bd6 $2 {[#]} (12... Bxc3 $11 {and Black stays safe.} 13. Bxc3 Re8) 13. Nd5 (13. Nxg7 $1 $18 {[%mdl 512]} Be5 14. Nh5) 13... Be5 (13... Ne8 $16 {is a better defense.}) 14. Bxe5 $18 Nxe5 {[#]} 15. Nh6+ $1 {[%mdl 512]} Kh8 16. Nxf6 gxf6 {[#]} 17. Rf5 $1 Qe7 (17... a5 $16) 18. Raf1 Rad8 19. Rh5 f5 20. Nxf5 {Threatening mate with Rxh7+!} Qf6 (20... Qe6 $142 21. Rf4 Rd7 22. Rxh7+ (22. Rxe4 f6 $18) 22... Kxh7) 21. Rf4 Ng6 $2 {[#]} (21... Qg6) 22. Rh6 $4 {[%mdl 8192]} (22. Rxh7+ $3 $18 {[%mdl 512]} Kxh7 23. Qh5+ Kg8 24. Nh6+ Kg7 25. Rxf6 Kxf6 26. Qf5+ Kg7 27. Qg5) 22... Qa1+ $4 {[%mdl 8192]} (22... Nxf4 $19 23. exf4 Qxf5) 23. Rf1 {Qh5 would kill now.} Qe5 24. Qh5 {White mates.} Kg8 25. Rxh7 Rxd2 26. Qh6 Rfd8 27. Rg7+ {Weighted Error Value: White=0.51/Black=0.84} 1-0